[Event "Bayern-chTT (LL Sued)"]
[Site "Bayern 2008/09"]
[Date "2008.12.14"]
[Round "4.7"]
[White "Darr, Thomas"]
[Black "Muehlig-Versen, Peter"]
[Result "1-0"]
[WhiteElo "1972"]
[BlackElo "2010"]
[PlyCount "65"]
[EventDate "2009.03.??"]
[EventType "team-tourn"]
[EventRounds "9"]
[WhiteTeam "Dillingen 1"]
[BlackTeam "Weilheim 1"]

1. d4 d5 2. c4 e6 3. Nf3 Nf6 4. g3 Be7 5. Bg2 O-O 6. O-O Ne4 7. Nc3 f5 8. Ne5
c6 9. Qb3 Qb6 10. Be3 Nd7 11. Nd3 Qxb3 12. axb3 Nxc3 13. bxc3 Bd6 14. cxd5 exd5
15. c4 Nf6 16. Nf4 Rd8 17. Rfd1 Bc7 18. Rac1 Bb6 19. h4 Kf7 20. Nd3 Be6 21. f3
Kg8 22. Nf4 Bf7 23. Rd3 Rac8 24. Bh3 g6 25. g4 fxg4 26. fxg4 Ra8 27. g5 Ne4 28.
cxd5 cxd5 29. Bg2 Rac8 30. Bf3 Rxc1+ 31. Bxc1 Rc8 32. Be3 Rc3 33. Bxe4 1-0

[Event "Bayern-chTT (LL Sued)"]
[Site "Bayern 2008/09"]
[Date "2008.12.14"]
[Round "4.8"]
[White "Shahin, Walid"]
[Black "Endisch, Peter"]
[Result "1/2-1/2"]
[WhiteElo "1983"]
[BlackElo "1883"]
[PlyCount "103"]
[EventDate "2009.03.??"]
[EventType "team-tourn"]
[EventRounds "9"]
[WhiteTeam "Weilheim 1"]
[BlackTeam "Dillingen 1"]

1. d4 d6 2. c4 e5 3. Nf3 exd4 4. Nxd4 Nf6 5. g3 Nbd7 6. Bg2 g6 7. O-O Bg7 8.
Nc3 O-O 9. Bg5 h6 10. Bf4 Nb6 11. Qd3 Nfd7 12. b3 Nc5 13. Qd2 Kh7 14. Rad1 c6
15. Nc2 Qf6 16. Bxd6 Rd8 17. Ne4 Nxe4 18. Bxe4 Bf5 19. Bxf5 Qxf5 20. c5 Nd5 21.
Ne3 Nxe3 22. Qxe3 Re8 23. Qd2 Rad8 24. e3 h5 25. Qd3 Qf3 26. Rfe1 Re6 27. Qe2
Qe4 28. f3 Qb4 29. Kg2 Rde8 30. Qd3 a5 31. Re2 f5 32. Kf2 Bh6 33. f4 Re4 34.
Rc1 Bg7 35. Rc4 Qa3 36. h3 R8e6 37. g4 b5 38. Rxe4 Rxe4 39. gxf5 gxf5 40. Rc2
Qb4 41. Qd1 Kh6 42. Rd2 Re6 43. Rd3 Qe4 44. Be5 Bxe5 45. fxe5 Qxe5 46. Qf3 Qxc5
47. Qf4+ Kg6 48. Qg3+ Kf7 49. Rd7+ Re7 50. Rd8 Re8 51. Rd7+ Re7 52. Rd8 1/2-1/2

[Event "Bayern-chTT (LL Sued)"]
[Site "Bayern 2008/09"]
[Date "2008.12.14"]
[Round "4.1"]
[White "Riediger, Martin"]
[Black "Dirr, Ulrich"]
[Result "1/2-1/2"]
[WhiteElo "2238"]
[BlackElo "2271"]
[PlyCount "32"]
[EventDate "2009.03.??"]
[EventType "team-tourn"]
[EventRounds "9"]
[WhiteTeam "Rottal 1"]
[BlackTeam "Zugzwang-82 /1"]

1. e4 e6 2. d4 d5 3. e5 c5 4. c3 Nc6 5. Nf3 Bd7 6. Be3 Qb6 7. Qd2 cxd4 8. cxd4
Bb4 9. Nc3 Na5 10. Bd3 Rc8 11. O-O Ne7 12. Qe2 Nc4 13. Nd1 Nf5 14. g4 Nfxe3 15.
Nxe3 Nxe3 16. fxe3 Be7 1/2-1/2

[Event "Bayern-chTT (LL Sued)"]
[Site "Bayern 2008/09"]
[Date "2008.12.14"]
[Round "4.2"]
[White "Krulich, Roman"]
[Black "Webersberger, Johann(82)"]
[Result "0-1"]
[WhiteElo "2200"]
[BlackElo "2228"]
[PlyCount "136"]
[EventDate "2009.03.??"]
[EventType "team-tourn"]
[EventRounds "9"]
[WhiteTeam "Zugzwang-82 /1"]
[BlackTeam "Rottal 1"]

1. e4 g6 2. d4 Bg7 3. Nc3 d6 4. Be3 a6 5. Qd2 b5 6. f3 Nd7 7. h4 h5 8. Nh3 Bb7
9. Be2 Rc8 10. O-O Ngf6 11. a4 b4 12. Nd1 c5 13. c3 O-O 14. cxb4 cxd4 15. Bxd4
e5 16. Bf2 d5 17. exd5 Nxd5 18. b5 Nc5 19. Ra3 Nf4 20. Qe1 Nxh3+ 21. gxh3 axb5
22. Bxb5 e4 23. b4 Nd3 24. Bxd3 exd3 25. Qe3 Qd7 26. Rxd3 Qxa4 27. Ra3 Qd7 28.
Ra7 Qd5 29. Qe4 Qxe4 30. fxe4 Bxe4 31. Bc5 Bf5 32. Ne3 Rxc5 33. bxc5 Bd4 34.
Re1 Re8 35. Kf2 Bxc5 36. Rc7 Re5 37. Kf3 Bxh3 38. Re2 Bg4+ 39. Nxg4 hxg4+ 40.
Kxg4 Rxe2 41. Rxc5 Re4+ 42. Kg3 f6 43. Rc7 Kf8 44. Ra7 Re7 45. Ra8+ Kg7 46. Ra6
Re3+ 47. Kf4 Rh3 48. Kg4 Rh1 49. Ra8 Rg1+ 50. Kh3 f5 51. Ra6 Rd1 52. Kg3 Rd3+
53. Kg2 Kh6 54. Ra8 Kh5 55. Rg8 Rd4 56. Rh8+ Kg4 57. Rh6 Rd6 58. Kf2 Rb6 59.
Ke3 f4+ 60. Kf2 Rb2+ 61. Kg1 g5 62. hxg5 Kg3 63. Kf1 f3 64. Re6 Rb1+ 65. Re1
Rxe1+ 66. Kxe1 Kg2 67. g6 f2+ 68. Kd2 f1=Q 0-1

[Event "Bayern-chTT (LL Sued)"]
[Site "Bayern 2008/09"]
[Date "2008.12.14"]
[Round "4.3"]
[White "Bensch, Patrick"]
[Black "Krklec, Daniel"]
[Result "0-1"]
[WhiteElo "2163"]
[BlackElo "2100"]
[PlyCount "106"]
[EventDate "2009.03.??"]
[EventType "team-tourn"]
[EventRounds "9"]
[WhiteTeam "Rottal 1"]
[BlackTeam "Zugzwang-82 /1"]

1. e4 c5 2. Nf3 d6 3. d4 cxd4 4. Nxd4 Nf6 5. Nc3 a6 6. Bg5 e6 7. f4 Be7 8. Qf3
Qc7 9. O-O-O Nbd7 10. Bd3 b5 11. Rhe1 Bb7 12. Qg3 b4 13. Nd5 exd5 14. exd5 Kd8
15. Nf5 Bf8 16. Re4 Qa5 17. Bc4 Kc7 18. Red4 g6 19. Qh4 Ng8 20. Ne7 Bxe7 21.
Bxe7 f6 22. Qe1 Nxe7 23. Qxe7 Rae8 24. Qg7 Rd8 25. Re4 Rhe8 26. Re6 Qc5 27. Bb3
Kc8 28. Kb1 Nf8 29. Rxe8 Rxe8 30. Qf7 Qb5 31. Qxf6 Qd7 32. Qd4 a5 33. a3 Qb5
34. Bc4 Qc5 35. Qxc5+ dxc5 36. axb4 axb4 37. g4 Re4 38. Bb5 Rxf4 39. d6 Rd4 40.
Rf1 Ne6 41. d7+ Kc7 42. Rf7 Nd8 43. Rxh7 Rxg4 44. b3 Bc6 45. Bd3 Be4 46. Bxe4
Rxe4 47. Rg7 Rg4 48. h3 Rg1+ 49. Kb2 Ne6 50. Re7 Re1 51. h4 Kd8 52. Rf7 Re2 53.
Rf6 Nd4 0-1

[Event "Bayern-chTT (LL Sued)"]
[Site "Bayern 2008/09"]
[Date "2008.12.14"]
[Round "4.4"]
[White "Bonacci, Mauro"]
[Black "Wagner, Hans(59)"]
[Result "0-1"]
[WhiteElo "2127"]
[BlackElo "2116"]
[PlyCount "86"]
[EventDate "2009.03.??"]
[EventType "team-tourn"]
[EventRounds "9"]
[WhiteTeam "Zugzwang-82 /1"]
[BlackTeam "Rottal 1"]

1. e4 c5 2. Nf3 Nc6 3. d4 cxd4 4. Nxd4 Nf6 5. Nc3 d6 6. Be2 e6 7. Be3 Bd7 8.
Ndb5 Qb8 9. Bf4 Ne5 10. Bg3 a6 11. Nd4 Qc7 12. O-O Nc4 13. Bxc4 Qxc4 14. e5
dxe5 15. Bxe5 Be7 16. Nb3 Rc8 17. Re1 Bc6 18. Na5 Qc5 19. Nxc6 Qxc6 20. Bxf6
Bxf6 21. Ne4 Be7 22. c3 O-O 23. Qh5 Rfd8 24. Rad1 Qa4 25. a3 Qc2 26. Rb1 Rd5
27. Qe2 Qa4 28. Rbd1 Rcd8 29. Rxd5 Rxd5 30. h3 Qd7 31. g4 Rd3 32. Qf1 f5 33.
gxf5 exf5 34. Ng3 Bc5 35. Kg2 g6 36. Qe2 f4 37. Ne4 Qxh3+ 38. Kg1 f3 39. Nf6+
Kg7 40. Ne8+ Kf7 41. Qf1 Qg4+ 42. Kh2 Rd5 43. Nf6 Bd6+ 0-1

[Event "Bayern-chTT (LL Sued)"]
[Site "Bayern 2008/09"]
[Date "2008.12.14"]
[Round "4.5"]
[White "Ager, Josef"]
[Black "Beckers, Thomas"]
[Result "1-0"]
[WhiteElo "2196"]
[BlackElo "2000"]
[PlyCount "105"]
[EventDate "2009.03.??"]
[EventType "team-tourn"]
[EventRounds "9"]
[WhiteTeam "Rottal 1"]
[BlackTeam "Zugzwang-82 /1"]

1. Nf3 d6 2. g3 f5 3. d4 Nf6 4. Bg2 g6 5. O-O Bg7 6. c3 O-O 7. Qb3+ e6 8. Ng5
d5 9. Nd2 Nc6 10. Nh3 a5 11. Nf4 a4 12. Qc2 Bd7 13. Nf3 Ne4 14. Nd3 g5 15. Nfe1
b6 16. Rb1 Be8 17. f3 Nd6 18. f4 Bh5 19. Nf3 Nf7 20. fxg5 Bxf3 21. exf3 Nxg5
22. Re1 Nf7 23. Nf4 Qd7 24. Be3 Nd6 25. Bf2 Rfe8 26. Re2 Nc4 27. Rd1 Re7 28. b3
Na3 29. Qd3 Na5 30. b4 N5c4 31. Rde1 Rae8 32. g4 Nd6 33. Bh4 fxg4 34. Bxe7 gxf3
35. Bxd6 fxe2 36. Be5 Bxe5 37. dxe5 Qe7 38. Qxe2 Kh8 39. Nh5 Qg5 40. Nf6 Re7
41. Kh1 Nc4 42. Qg4 Rg7 43. Qxg5 Rxg5 44. Bh3 Nxe5 45. Bxe6 Kg7 46. Nxd5 Nd3
47. Rf1 Re5 48. Nxc7 Re2 49. Kg1 a3 50. Bc4 Rd2 51. Bxd3 Rxd3 52. Nb5 Rd2 53.
Rf2 1-0

[Event "Bayern-chTT (LL Sued)"]
[Site "Bayern 2008/09"]
[Date "2008.12.14"]
[Round "4.6"]
[White "Beck, Alexander(74)"]
[Black "Schwarzmeier, Klaus"]
[Result "1-0"]
[WhiteElo "2065"]
[BlackElo "2149"]
[PlyCount "81"]
[EventDate "2009.03.??"]
[EventType "team-tourn"]
[EventRounds "9"]
[WhiteTeam "Zugzwang-82 /1"]
[BlackTeam "Rottal 1"]

1. d4 d5 2. c4 c6 3. e3 Nf6 4. Nc3 g6 5. Nf3 Bg7 6. Bd3 O-O 7. O-O Bf5 8. b3
Nbd7 9. cxd5 cxd5 10. Bb2 Rc8 11. Rc1 Qa5 12. Bxf5 gxf5 13. Qd3 e6 14. Qb5 Qxb5
15. Nxb5 Rfd8 16. Nd6 Rxc1 17. Rxc1 b6 18. Ng5 Rf8 19. Rc7 a6 20. h3 h6 21. Nf3
Rd8 22. Ne5 Nxe5 23. dxe5 Nd7 24. f4 Bf8 25. Nb7 Rb8 26. Rxd7 Rc8 27. Rd8 Rc7
28. Ba3 Rxb7 29. Bxf8 Kh7 30. Bd6 b5 31. Kf2 Rb6 32. Rc8 f6 33. Bc5 Rb7 34.
exf6 Kg6 35. Bd4 a5 36. Rg8+ Kh5 37. Rg7 Rb8 38. f7 Rf8 39. Bf6 a4 40. g4+ fxg4
41. hxg4# 1-0

[Event "Bayern-chTT (LL Sued)"]
[Site "Bayern 2008/09"]
[Date "2008.12.14"]
[Round "4.7"]
[White "Walch, Ingo(73)"]
[Black "Brychcy, Felix"]
[Result "1/2-1/2"]
[WhiteElo "1974"]
[BlackElo "2051"]
[PlyCount "154"]
[EventDate "2009.03.??"]
[EventType "team-tourn"]
[EventRounds "9"]
[WhiteTeam "Rottal 1"]
[BlackTeam "Zugzwang-82 /1"]

1. d4 Nf6 2. c4 g6 3. Nc3 Bg7 4. e4 d6 5. Nf3 O-O 6. Be2 e5 7. O-O Nc6 8. d5
Ne7 9. b4 Nh5 10. Re1 f5 11. Ng5 Nf6 12. Bf3 c6 13. Be3 h6 14. Ne6 Bxe6 15.
dxe6 fxe4 16. Nxe4 Nxe4 17. Bxe4 d5 18. cxd5 cxd5 19. Bc5 dxe4 20. Qxd8 Rfxd8
21. Bxe7 Re8 22. Bc5 b6 23. Be3 Rxe6 24. Rac1 Rae8 25. b5 R8e7 26. Red1 Kf7 27.
h3 Kf6 28. g4 h5 29. Rc4 hxg4 30. hxg4 Bf8 31. Rd8 Re8 32. Rxe8 Rxe8 33. Rc6+
Kf7 34. Kf1 Re6 35. Rc4 Re7 36. Rxe4 Ke6 37. Rc4 Rd7 38. Rc6+ Rd6 39. Rc8 Be7
40. Ke2 Rd8 41. Rc7 Rd7 42. Rxd7 Kxd7 43. Kd3 Ke6 44. Ke4 Ba3 45. f3 Kd6 46.
Bh6 Ke6 47. Bg5 Bc5 48. a4 Bg1 49. Bd2 Bf2 50. a5 Bg1 51. a6 Bf2 52. Bc3 Bg1
53. Be1 Bc5 54. Bd2 Bf2 55. Bg5 Bc5 56. Bh6 Bf2 57. Bd2 Bg1 58. Be1 Bc5 59. Bg3
Bg1 60. f4 exf4 61. Bxf4 Bc5 62. Bc7 Kd7 63. Be5 Ke6 64. Bf4 Bd6 65. Be3 Bc7
66. Kd4 Be5+ 67. Ke4 Bc7 68. Bd4 Bb8 69. Be3 Bc7 70. Bd2 Bb8 71. Bg5 Bc7 72.
Bh4 Bb8 73. Bd8 Kd6 74. Kd4 Ke6 75. Bg5 Bc7 76. Ke4 Bb8 77. Be3 Bc7 1/2-1/2

[Event "Bayern-chTT (LL Sued)"]
[Site "Bayern 2008/09"]
[Date "2008.12.14"]
[Round "4.8"]
[White "Callenberg, Ralf"]
[Black "Hackbarth, Wolfgang"]
[Result "1-0"]
[WhiteElo "2004"]
[BlackElo "2119"]
[PlyCount "57"]
[EventDate "2009.03.??"]
[EventType "team-tourn"]
[EventRounds "9"]
[WhiteTeam "Zugzwang-82 /1"]
[BlackTeam "Rottal 1"]

1. c4 g6 2. g3 Bg7 3. Bg2 e5 4. Nc3 Ne7 5. d3 d6 6. Nf3 Nbc6 7. Bg5 h6 8. Bd2
O-O 9. h4 h5 10. Nd5 Nxd5 11. cxd5 Ne7 12. Ng5 c6 13. dxc6 bxc6 14. Rc1 d5 15.
Qb3 Kh8 16. Bb4 f6 17. Qa3 fxg5 18. Bxe7 Qe8 19. Bxf8 Bxf8 20. Qc3 Bd7 21. hxg5
Qe7 22. Qd2 Bg7 23. g4 Bxg4 24. Rxc6 Qf7 25. Qb4 Bd7 26. Rc7 Rf8 27. f3 e4 28.
Qd6 exd3 29. Qxd7 1-0

[Event "Bayern-chTT (LL Sued)"]
[Site "Bayern 2008/09"]
[Date "2009.01.18"]
[Round "5.1"]
[White "Straub, Juergen Dr"]
[Black "Riediger, Martin"]
[Result "0-1"]
[WhiteElo "2187"]
[BlackElo "2238"]
[PlyCount "148"]
[EventDate "2009.03.??"]
[EventType "team-tourn"]
[EventRounds "9"]
[WhiteTeam "Ingolstadt 1"]
[BlackTeam "Rottal 1"]

1. c4 d6 2. d4 f5 3. Nf3 Nf6 4. g3 g6 5. Bg2 Bg7 6. Nc3 O-O 7. d5 Qe8 8. O-O a5
9. Qc2 Na6 10. b3 c6 11. Bb2 Rb8 12. Rad1 Bd7 13. Nd4 Qf7 14. Qd2 Qe8 15. e4
fxe4 16. Nxe4 Nxe4 17. Bxe4 a4 18. Bg2 axb3 19. axb3 Nc5 20. Rfe1 Ra8 21. Ra1
Rxa1 22. Bxa1 Rf7 23. Qc2 Qc8 24. b4 Na6 25. Qd2 c5 26. bxc5 Nxc5 27. Qe3 Qa8
28. Bc3 Qa2 29. Bf1 Qa8 30. Ra1 Qf8 31. f4 Qc8 32. Rb1 Kh8 33. Bb4 Qc7 34. Ne6
Bxe6 35. dxe6 Rf8 36. Bg2 Na6 37. Bd5 Rb8 38. Bc3 Qc5 39. Bxg7+ Kxg7 40. Kf2 b6
41. Ra1 Nb4 42. Ra7 Kf8 43. Qxc5 bxc5 44. Be4 Nc2 45. g4 Nd4 46. f5 Rb2+ 47.
Kg3 Re2 48. Kf4 g5+ 49. Kxg5 Rxe4 50. Kh6 Nxe6 51. fxe6 Rxe6+ 52. Kxh7 Re2 53.
h4 Re4 54. g5 Rxh4+ 55. Kg6 Ke8 56. Kg7 Rxc4 57. g6 Rh4 58. Ra8+ Kd7 59. Kg8 c4
60. Ra4 Ke6 61. g7 d5 62. Kf8 Rf4+ 63. Ke8 Rg4 64. Kf8 Ke5 65. g8=Q Rxg8+ 66.
Kxg8 c3 67. Ra7 d4 68. Rxe7+ Kd6 69. Re4 Kd5 70. Re8 d3 71. Rd8+ Ke4 72. Re8+
Kf3 73. Rd8 Ke2 74. Re8+ Kd1 0-1

[Event "Bayern-chTT (LL Sued)"]
[Site "Bayern 2008/09"]
[Date "2009.01.18"]
[Round "5.3"]
[White "Gerstner, Bernhard"]
[Black "Wagner, Hans(59)"]
[Result "1-0"]
[WhiteElo "2163"]
[BlackElo "2116"]
[PlyCount "37"]
[EventDate "2009.03.??"]
[EventType "team-tourn"]
[EventRounds "9"]
[WhiteTeam "Ingolstadt 1"]
[BlackTeam "Rottal 1"]

1. e4 c5 2. Nf3 d6 3. d4 cxd4 4. Nxd4 Nf6 5. Nc3 a6 6. Be2 b5 7. Bf3 Bb7 8. e5
Bxf3 9. Qxf3 dxe5 10. Ndxb5 e4 11. Nxe4 Nd5 12. Ned6+ exd6 13. Qxd5 Qa5+ 14.
Bd2 Qxb5 15. Qxa8 Be7 16. c4 Qe5+ 17. Be3 O-O 18. O-O Nd7 19. Qd5 1-0

[Event "Bayern-chTT (LL Sued)"]
[Site "Bayern 2008/09"]
[Date "2009.01.18"]
[Round "5.4"]
[White "Schwarzmeier, Klaus"]
[Black "Wurzel, Andre"]
[Result "0-1"]
[WhiteElo "2149"]
[BlackElo "2150"]
[PlyCount "116"]
[EventDate "2009.03.??"]
[EventType "team-tourn"]
[EventRounds "9"]
[WhiteTeam "Rottal 1"]
[BlackTeam "Ingolstadt 1"]

1. c4 c5 2. Nc3 Nc6 3. g3 g6 4. Bg2 Bg7 5. a3 d6 6. Rb1 a5 7. Nf3 e5 8. O-O
Nge7 9. Ne1 Be6 10. Nd5 Rb8 11. d3 O-O 12. Nc2 b5 13. Bg5 f6 14. Bd2 bxc4 15.
dxc4 Bf5 16. Nxe7+ Nxe7 17. Bc3 Qc7 18. Rc1 Bh6 19. Ne3 Be6 20. Nd5 Nxd5 21.
Bxd5 Qf7 22. Bxe6 Qxe6 23. Bd2 Bg7 24. Qc2 a4 25. Qxa4 Rxb2 26. Rc2 Rb6 27. Be3
Rfb8 28. Rd1 Qc8 29. Rcd2 Bf8 30. Qc2 Rb3 31. Qa2 Qa6 32. a4 Qxc4 33. Rb2 Qf7
34. Rxb3 Qxb3 35. Qxb3+ Rxb3 36. Ra1 Kf7 37. a5 Ke6 38. f4 Be7 39. fxe5 fxe5
40. Kf2 Kd7 41. Ke1 Kc6 42. Kd1 d5 43. Kc2 Rb7 44. Rf1 Bd8 45. Bd2 Ra7 46. Ra1
c4 47. e4 d4 48. Bb4 Be7 49. Be1 Bc5 50. Rb1 Rb7 51. Ra1 d3+ 52. Kd1 Bd4 53.
Ra4 Rb1+ 54. Kd2 Kb5 55. Ra2 c3+ 56. Kxd3 Rxe1 57. a6 Re3+ 58. Kc2 Re2+ 0-1

[Event "Bayern-chTT (LL Sued)"]
[Site "Bayern 2008/09"]
[Date "2009.01.18"]
[Round "5.5"]
[White "Holl, Andreas(57)"]
[Black "Walch, Ingo(73)"]
[Result "0-1"]
[WhiteElo "2147"]
[BlackElo "1974"]
[PlyCount "60"]
[EventDate "2009.03.??"]
[EventType "team-tourn"]
[EventRounds "9"]
[WhiteTeam "Ingolstadt 1"]
[BlackTeam "Rottal 1"]

1. d4 Nf6 2. Nf3 e6 3. c4 b6 4. g3 Ba6 5. Qc2 Bb7 6. Bg2 c5 7. d5 exd5 8. cxd5
Bxd5 9. Nc3 Bb7 10. O-O Be7 11. e4 Nc6 12. Rd1 Nb4 13. Qb3 Qc8 14. Ne5 O-O 15.
Nc4 Re8 16. Nb5 Nxe4 17. Bxe4 Bxe4 18. Ncd6 Bxd6 19. Nxd6 Bd5 20. Qc3 Qc6 21.
Nxe8 Rxe8 22. Bf4 Bh1 23. f3 Bxf3 24. Rd6 Qb7 25. Re1 Rf8 26. a3 Bh1 27. Qd2
Nd5 28. Kxh1 Nxf4+ 29. Kg1 Nh3+ 30. Kf1 Qf3+ 0-1

[Event "Bayern-chTT (LL Sued)"]
[Site "Bayern 2008/09"]
[Date "2009.01.18"]
[Round "5.6"]
[White "Hartl, Rainer"]
[Black "Michaelis, Lothar"]
[Result "0-1"]
[WhiteElo "2004"]
[BlackElo "2130"]
[PlyCount "68"]
[EventDate "2009.03.??"]
[EventType "team-tourn"]
[EventRounds "9"]
[WhiteTeam "Rottal 1"]
[BlackTeam "Ingolstadt 1"]

1. e4 c5 2. Nf3 e6 3. c3 Nf6 4. e5 Nd5 5. d4 cxd4 6. cxd4 d6 7. Bd2 Nc6 8. Bc4
Nb6 9. Bb3 dxe5 10. dxe5 Be7 11. O-O O-O 12. Qe2 Nd4 13. Nxd4 Qxd4 14. Nc3 Nd7
15. Rfe1 Nc5 16. Bc2 b6 17. Rad1 Qh4 18. b4 Ba6 19. Qe3 Nd7 20. Bc1 Rad8 21.
Rd4 Qh5 22. g4 Qxe5 23. Bxh7+ Kxh7 24. Qh3+ Kg8 25. Rxe5 Nxe5 26. Rxd8 Rxd8 27.
Qe3 Ng6 28. a3 Rd3 29. Qe1 Nh4 30. Qe4 Rxc3 31. Bb2 Rd3 32. h3 Rd1+ 33. Kh2
Bd6+ 34. f4 Bb7 0-1

[Event "Bayern-chTT (LL Sued)"]
[Site "Bayern 2008/09"]
[Date "2009.01.18"]
[Round "5.7"]
[White "Spiess, Martin"]
[Black "Rund, Reinhard"]
[Result "1-0"]
[WhiteElo "2103"]
[BlackElo "1883"]
[PlyCount "75"]
[EventDate "2009.03.??"]
[EventType "team-tourn"]
[EventRounds "9"]
[WhiteTeam "Ingolstadt 1"]
[BlackTeam "Rottal 1"]

1. e4 c5 2. Nf3 d6 3. d4 cxd4 4. Nxd4 Nf6 5. Nc3 a6 6. f3 e6 7. Be3 Be7 8. Qd2
Qc7 9. O-O-O O-O 10. g4 b5 11. g5 Nfd7 12. h4 Bb7 13. Kb1 Nc6 14. Nxc6 Bxc6 15.
h5 Ne5 16. f4 Nc4 17. Bxc4 bxc4 18. h6 g6 19. Qd4 e5 20. Qxc4 Qb7 21. Nd5 Bd8
22. Rh2 Rb8 23. b3 a5 24. Bc1 a4 25. Rf2 Ba5 26. Qxc6 axb3 27. cxb3 Rfc8 28.
Qxb7 Rxb7 29. Rc2 Rcb8 30. Nf6+ Kh8 31. Rxd6 exf4 32. Bxf4 Bc7 33. Rd7 Bxf4 34.
Rxb7 Rd8 35. Rd7 Rf8 36. Rxf7 Rxf7 37. Rc8+ Rf8 38. Rxf8# 1-0

[Event "Bayern-chTT (LL Sued)"]
[Site "Bayern 2008/09"]
[Date "2009.01.18"]
[Round "5.8"]
[White "Noehbauer, Andreas"]
[Black "Sailer, Wolfgang"]
[Result "0-1"]
[WhiteElo "1785"]
[BlackElo "2051"]
[PlyCount "52"]
[EventDate "2009.03.??"]
[EventType "team-tourn"]
[EventRounds "9"]
[WhiteTeam "Rottal 1"]
[BlackTeam "Ingolstadt 1"]

1. e4 d6 2. d4 Nf6 3. Nc3 g6 4. Be3 c6 5. f3 b5 6. Qd2 Nbd7 7. Bd3 a6 8. Nce2
e5 9. c4 bxc4 10. Bxc4 Bg7 11. dxe5 Nxe5 12. Bb3 O-O 13. Rd1 d5 14. Nc3 Be6 15.
Nge2 dxe4 16. Qxd8 Raxd8 17. Rxd8 Rxd8 18. Bxe6 fxe6 19. Nxe4 Nd3+ 20. Kf1 Nxe4
21. fxe4 Nxb2 22. g3 Nc4 23. Bf4 Nd2+ 24. Bxd2 Rxd2 25. Kf2 Rxa2 26. Ke3 Ra1
0-1

[Event "Bayern-chTT (LL Sued)"]
[Site "Bayern 2008/09"]
[Date "2009.01.18"]
[Round "5.1"]
[White "Dirr, Ulrich"]
[Black "Safyanowsky, Mark"]
[Result "1/2-1/2"]
[WhiteElo "2271"]
[BlackElo "2231"]
[PlyCount "31"]
[EventDate "2009.03.??"]
[EventType "team-tourn"]
[EventRounds "9"]
[WhiteTeam "Zugzwang-82 /1"]
[BlackTeam "Dillingen 1"]

1. e4 c5 2. Nf3 Nc6 3. Bb5 Qc7 4. O-O a6 5. Bxc6 dxc6 6. h3 e5 7. d3 Ne7 8. Nh4
Ng6 9. Nxg6 hxg6 10. f4 exf4 11. Bxf4 Qd8 12. Qf3 Be6 13. Nd2 Be7 14. Be5 f6
15. Bc3 Qc7 16. Qf4 1/2-1/2

[Event "Bayern-chTT (LL Sued)"]
[Site "Bayern 2008/09"]
[Date "2009.01.18"]
[Round "5.2"]
[White "Nuber, Korbinian"]
[Black "Krulich, Roman"]
[Result "1/2-1/2"]
[WhiteElo "2131"]
[BlackElo "2201"]
[PlyCount "117"]
[EventDate "2009.03.??"]
[EventType "team-tourn"]
[EventRounds "9"]
[WhiteTeam "Dillingen 1"]
[BlackTeam "Zugzwang-82 /1"]

1. g3 g6 2. Bg2 Bg7 3. c4 e5 4. Nc3 Ne7 5. e3 O-O 6. Nge2 Nbc6 7. O-O d6 8. Nd5
Nxd5 9. cxd5 Ne7 10. e4 f5 11. d3 c6 12. dxc6 bxc6 13. b3 d5 14. Ba3 Rf7 15.
Rc1 Bb7 16. Nc3 fxe4 17. dxe4 d4 18. Na4 Ba6 19. Nc5 Bxf1 20. Bxf1 Kh8 21. Bc4
Rf6 22. Qd2 Ng8 23. Rf1 Bh6 24. Qb4 Qc7 25. Ne6 Qf7 26. Qd6 Re8 27. Nc7 Qf8 28.
Qxf8 Rexf8 29. Bxf8 Rxf8 30. Ne6 Rf3 31. Nc5 Nf6 32. Bd3 Ng4 33. Kg2 Rf7 34. h3
Nf6 35. f3 Be3 36. Na4 Nd7 37. f4 exf4 38. gxf4 Bxf4 39. Bc4 Rf6 40. Nb2 g5 41.
Nd3 Kg7 42. h4 h6 43. hxg5 hxg5 44. Ba6 Be3 45. Bb7 Re6 46. Rf5 Rxe4 47. Bxc6
Re7 48. b4 Nb6 49. Rc5 Bd2 50. Bb5 Kf6 51. a4 Bc3 52. a5 Nd7 53. Rc6+ Re6 54.
Rc7 Ne5 55. Rxa7 Nxd3 56. Bxd3 Bxb4 57. a6 Bc5 58. Rc7 Bb6 59. a7 1/2-1/2

[Event "Bayern-chTT (LL Sued)"]
[Site "Bayern 2008/09"]
[Date "2009.01.18"]
[Round "5.3"]
[White "Krklec, Daniel"]
[Black "Billing, Christian"]
[Result "1-0"]
[WhiteElo "2129"]
[BlackElo "2180"]
[PlyCount "111"]
[EventDate "2009.03.??"]
[EventType "team-tourn"]
[EventRounds "9"]
[WhiteTeam "Zugzwang-82 /1"]
[BlackTeam "Dillingen 1"]

1. e4 d5 2. Nc3 dxe4 3. Nxe4 Bf5 4. Ng3 Bg6 5. Nf3 Nf6 6. d4 e6 7. Bc4 Nbd7 8.
Qe2 c6 9. c3 Be7 10. Bg5 Nd5 11. h4 h6 12. h5 Bh7 13. Bxe7 Qxe7 14. Rh4 O-O-O
15. Kf1 Kb8 16. Re1 Ka8 17. a4 Rhe8 18. a5 N5f6 19. Kg1 Rc8 20. a6 b6 21. Qd1
Qd6 22. Nd2 Qc7 23. Nde4 Nxe4 24. Nxe4 Bxe4 25. Rhxe4 Nf6 26. Re5 Kb8 27. Qf3
Nd7 28. R5e2 Nf6 29. Bd3 Rcd8 30. b4 Rd5 31. Bc4 Rxh5 32. Re5 Rxe5 33. Rxe5 Rd8
34. Bb3 Nd7 35. Re1 Nf6 36. Rb1 Rd7 37. Bc2 Rd5 38. g3 h5 39. Kg2 Rg5 40. c4 h4
41. Rh1 Rg4 42. Rxh4 Rxh4 43. gxh4 Kc8 44. h5 Ne8 45. c5 bxc5 46. dxc5 f6 47.
Bg6 Qd7 48. Bxe8 Qxe8 49. b5 Qd7 50. b6 Kb8 51. Qg3+ e5 52. h6 Qd5+ 53. Kh2 Qe4
54. Qxg7 Qf4+ 55. Kg2 Qe4+ 56. f3 1-0

[Event "Bayern-chTT (LL Sued)"]
[Site "Bayern 2008/09"]
[Date "2009.01.18"]
[Round "5.4"]
[White "Baeuml, Ulrich"]
[Black "Beckers, Thomas"]
[Result "1-0"]
[WhiteElo "2046"]
[BlackElo "2000"]
[PlyCount "43"]
[EventDate "2009.03.??"]
[EventType "team-tourn"]
[EventRounds "9"]
[WhiteTeam "Dillingen 1"]
[BlackTeam "Zugzwang-82 /1"]

1. Nf3 d6 2. g3 f5 3. Bg2 Nf6 4. c4 g6 5. Nc3 Bg7 6. O-O O-O 7. d3 c5 8. Rb1
Nc6 9. a3 e5 10. b4 Rb8 11. Bd2 Kh8 12. Qa4 Bd7 13. b5 Nd4 14. Qxa7 Ra8 15.
Qxb7 Rxa3 16. Nxd4 exd4 17. Nd5 Re8 18. Bg5 Bc8 19. Qc6 Re6 20. b6 Bd7 21. Qc7
Qxc7 22. Nxc7 1-0

[Event "Bayern-chTT (LL Sued)"]
[Site "Bayern 2008/09"]
[Date "2009.01.18"]
[Round "5.5"]
[White "Beck, Alexander(74)"]
[Black "Lederle, Vitus"]
[Result "0-1"]
[WhiteElo "2065"]
[BlackElo "2066"]
[PlyCount "66"]
[EventDate "2009.03.??"]
[EventType "team-tourn"]
[EventRounds "9"]
[WhiteTeam "Zugzwang-82 /1"]
[BlackTeam "Dillingen 1"]

1. d4 d5 2. c4 c6 3. Nf3 Nf6 4. Nc3 a6 5. e3 b5 6. b3 Bg4 7. Be2 e6 8. O-O Bd6
9. Qc2 O-O 10. Rd1 Qc7 11. h3 Bf5 12. Bd3 Bxd3 13. Qxd3 b4 14. Na4 Nbd7 15. a3
e5 16. dxe5 Nxe5 17. Nxe5 Bxe5 18. Bb2 Bxb2 19. Nxb2 a5 20. axb4 axb4 21. Na4
Rfd8 22. cxd5 cxd5 23. Rac1 Qe7 24. Rc6 Rac8 25. Rdc1 Rxc6 26. Rxc6 h6 27. f3
d4 28. exd4 Qe1+ 29. Kh2 Nh5 30. Qe4 Qg3+ 31. Kh1 Qf2 32. Kh2 Ng3 33. Qg4 Ne2
0-1

[Event "Bayern-chTT (LL Sued)"]
[Site "Bayern 2008/09"]
[Date "2009.01.18"]
[Round "5.6"]
[White "Nuber, Blasius"]
[Black "Brychcy, Felix"]
[Result "1-0"]
[WhiteElo "2106"]
[BlackElo "2051"]
[PlyCount "79"]
[EventDate "2009.03.??"]
[EventType "team-tourn"]
[EventRounds "9"]
[WhiteTeam "Dillingen 1"]
[BlackTeam "Zugzwang-82 /1"]

1. e4 e5 2. Nf3 Nc6 3. d4 exd4 4. c3 d5 5. exd5 Qxd5 6. cxd4 Bg4 7. Be2 Bb4+ 8.
Nc3 Nf6 9. O-O Bxc3 10. bxc3 O-O 11. h3 Bh5 12. Bf4 Rfe8 13. c4 Qe4 14. Be3
Rad8 15. Qa4 h6 16. Nd2 Qh4 17. Bxh5 Nxh5 18. Nf3 Qe4 19. Rfe1 Qg6 20. d5 Ne5
21. Nxe5 Rxe5 22. Qxa7 Rde8 23. Qd4 Re4 24. Qc3 Qa6 25. c5 Ra4 26. Bxh6 Re2 27.
Rxe2 Qxe2 28. Re1 Rc4 29. Rxe2 Rxc3 30. Be3 Nf6 31. d6 cxd6 32. cxd6 Rd3 33.
Rd2 Rxd2 34. Bxd2 Kf8 35. Bg5 Nd7 36. Be7+ Ke8 37. g4 Ne5 38. f4 Nc6 39. h4 Nd4
40. Kf2 1-0